Wszystkie Przystanki MPK w Dzielnicy XII Bieżanów-Prokocim - Statystyki

Ogólne statystyki
  • Ten quiz został rozwiązany 9 razy
  • Średni wynik to 24 z 57
Statystyki odpowiedzi
Odpowiedź % Poprawnych
Nowy Prokocim
100%
Prokocim
100%
Prokocim Szpital
100%
Teligi
100%
Agatowa
83%
Bieżanowska
83%
Ćwiklińskiej
83%
Nowy Bieżanów P+R
83%
Rżąka
83%
Wlotowa
83%
Złocień
83%
Bieżanów Pomnik
67%
Jerzmanowskiego
67%
Prokocim Rynek
67%
Bieżanów Szkoła
50%
Dauna
50%
Dwór Czeczów
50%
Kabel
50%
Kokotów SKA
50%
Nowy Bieżanów Południe
50%
Węzeł Wielicki
50%
Aleksandry
33%
Bieżanów Drożdżownia SKA
33%
Bieżanów Potrzask
33%
Bieżanów Trafo
33%
Cmentarz Prokocim
33%
Czerwiakowskiego
33%
Domagały
33%
Duża Góra
33%
Jasieńskiego
33%
Lipowskiego
33%
Madejówka
33%
Prokocim UJ
33%
Prosta
33%
Pruszyńskiego
33%
Słona Woda
33%
Sucharskiego
33%
Szpital Uniwersytecki / Instytut Pediatrii
33%
Weigla
33%
Wydział Farmaceutyczny UJ
33%
Złocieniowa
33%
Bieżanów Granica Miasta
17%
Bieżanów Kaim
17%
Cmentarz Bieżanów
17%
Danalówka
17%
Domagały Magazyny
17%
Drożdżowa
17%
Jędrzejczyka
17%
Korepty
17%
Ks. Łaczka
17%
Miejskie Centrum Opieki
17%
Młodzieży
17%
Ślosarczyka
17%
Kosocicka
0%
Magazynowa
0%
Świdzińskiego
0%
Wielicka Granica Miasta
0%
Nie znaleziono quizów pasujących do podanych kryteriów
Rozkład punktacji
Procent ludzi z każdym wynikiem
Percentyl według liczby udzielonych odpowiedzi
Twoja historia wyników
Nie rozwiązałeś tego quizu